|
|
|
|
| LEADER |
00000nam0a2200000 4500 |
| 001 |
13742 |
| 005 |
20231101204916.0 |
| 010 |
|
|
|a 5755201153
|
| 035 |
|
|
|a (RuTPU)RU\TPU\book\13825
|
| 035 |
|
|
|a BOOK00000036
|
| 090 |
|
|
|a 13742
|
| 100 |
|
|
|a 20011209d1998 m y0rusy50 ca
|
| 101 |
0 |
|
|a rus
|a eng
|
| 102 |
|
|
|a RU
|
| 105 |
|
|
|a y j 000zy
|
| 200 |
1 |
|
|a Английский язык для банковских работников
|e Начальный курс
|f С. А. Шевелева, О. Б. Кокорина, И. А. Калнберзина
|
| 210 |
|
|
|a Москва
|c Филология
|d 1998
|
| 215 |
|
|
|a 191 с.
|
| 606 |
1 |
|
|a Английский язык
|x Учебные руководства и пособия
|x Учебные руководства и пособия для высшей школы
|2 stltpush
|3 (RuTPU)RU\TPU\subj\29071
|9 52483
|
| 610 |
1 |
|
|a банки
|
| 610 |
1 |
|
|a финансы
|
| 610 |
1 |
|
|a кредит
|
| 610 |
1 |
|
|a лексика
|
| 610 |
1 |
|
|a грамматика
|
| 610 |
1 |
|
|a разговорная речь
|
| 610 |
1 |
|
|a упражнения
|
| 610 |
1 |
|
|a фонетика
|
| 686 |
|
|
|a Ш143.21-923
|v LBC/SL-A
|2 rubbk
|
| 700 |
|
1 |
|a Шевелева
|b С. А.
|g Светлана Александровна
|
| 701 |
|
1 |
|a Кокорина
|b О. Б.
|g Ольга Борисовна
|
| 701 |
|
1 |
|a Калнберзина
|b И. А.
|g Ирина Александровна
|
| 801 |
|
0 |
|a RU
|b 63413507
|c 20011209
|g PSBO
|
| 801 |
|
2 |
|a RU
|b 63413507
|c 20140407
|g PSBO
|
| 942 |
|
|
|c BK
|